|
|
|
|
| LEADER |
00000nab a2200000 a 4500 |
| 001 |
vtls000036450 |
| 003 |
SK-MaSNL |
| 005 |
20260303023005.0 |
| 008 |
111103c1979 xo 0 slo |
| 015 |
|
|
|a SNBRB19rr/mm-uuuuu
|
| 035 |
|
|
|a CL0046545
|
| 040 |
|
|
|a SNKBUCL
|b slo
|c SNKBUCL
|e AACR2
|
| 041 |
0 |
|
|a slo
|
| 044 |
|
|
|a xo
|c SK
|
| 080 |
|
|
|a 78
|2 1981
|
| 100 |
1 |
|
|a (ab)
|4 aut
|9 841340
|
| 245 |
1 |
0 |
|a Vôľuška Štefana Hudeca
|c (ab)
|
| 300 |
|
|
|b Obr. 1.
|
| 650 |
0 |
7 |
|a Hudec, Štefan
|2 snkbucl
|9 929614
|
| 655 |
|
7 |
|a články z novín a časopisov
|2 snkbucl
|9 267496
|
| 773 |
0 |
|
|t Smena
|g Roč. 32, č. 176 (28. 7. 1979), s. 6
|
| 850 |
|
|
|a Slovenská národná knižnica v Martine
|a MTA001
|
| 852 |
|
|
|a SNK
|b KIS3GCP
|
| 958 |
|
|
|a RK
|
| 992 |
|
|
|a RBX
|
| 999 |
|
|
|c 1631934
|d 1633864
|